000 00554nam a22001457a 4500
008 160823b xxu||||| |||| 00| 0 eng d
050 _aBX1935.9S627
100 _aShekleton,Matthew M.
_925374
245 _aDoctrinal interpretation of law
_b:a history synopsis and a commentary
_c/Matthew M.Shekleton
260 _aWashington DC
_bThe Catholic University of America
_c1961
300 _aix,115p.;
_c23cm.
440 _aThe Catholic university of Anerica
_n345
_pCanon law studies
_925375
650 _aCanon law
_xCriticism
_925376
942 _2lcc
_cMONOGRAPH
999 _c125105
_d125105